Investment banking : (Record no. 57859)
[ view plain ]
| 000 -LEADER | |
|---|---|
| fixed length control field | 00856nam a2200265 a 4500 |
| 001 - CONTROL NUMBER | |
| control field | 57859 |
| 003 - CONTROL NUMBER IDENTIFIER | |
| rucl marc code | BD-RjUL |
| 005 - DATE AND TIME OF LATEST TRANSACTION | |
| control field | 20211209080547.0 |
| 008 - FIXED-LENGTH DATA ELEMENTS--GENERAL INFORMATION | |
| fixed length control field | 070516s2007 enka b 001 0 eng d |
| 020 ## - INTERNATIONAL STANDARD BOOK NUMBER | |
| International Standard Book Number | 019929657X (hbk.) |
| International Standard Book Number | 9780199296576 |
| 035 ## - SYSTEM CONTROL NUMBER | |
| System control number | (BD-RjUL)57983 |
| 040 ## - CATALOGING SOURCE | |
| Original cataloging agency | UKM |
| Transcribing agency | UKM |
| Modifying agency | BD-RjUL |
| Language of cataloging | eng |
| 041 ## - LANGUAGE CODE | |
| Language code of text/sound track or separate title | eng |
| 082 04 - DEWEY DECIMAL CLASSIFICATION NUMBER | |
| Classification number | 332.66 |
| Edition number | 23 |
| Author mark and year | MOI 2007 |
| 100 1# - MAIN ENTRY--PERSONAL NAME | |
| Personal name | Morrison, Alan, |
| Dates associated with a name | 1967- |
| 9 (RLIN) | 171861 |
| 245 10 - TITLE STATEMENT | |
| Title | Investment banking : |
| Remainder of title | institutions, politics, and law / |
| Statement of responsibility, etc. | Alan D. Morrison, William J. Wilhelm |
| 260 ## - PUBLICATION, DISTRIBUTION, ETC. (IMPRINT) | |
| Place of publication, distribution, etc. | New York : |
| Name of publisher, distributor, etc. | Oxford University Press, |
| Date of publication, distribution, etc. | 2007. |
| 300 ## - PHYSICAL DESCRIPTION | |
| Pagination | ix, 341 p. : |
| Illustrations | ill. ; |
| Size | 24 cm. |
| 504 ## - BIBLIOGRAPHY, ETC. NOTE | |
| Bibliography, etc | Includes bibliographical references (p. [311]-331) and index. |
| 650 #0 - SUBJECT ADDED ENTRY--TOPICAL TERM | |
| Topical term or geographic name as entry element | Investment banking. |
| 9 (RLIN) | 171862 |
| Topical term or geographic name as entry element | Bonds |
| 9 (RLIN) | 174574 |
| 700 1# - ADDED ENTRY--PERSONAL NAME | |
| Personal name | Wilhelm, William J., |
| Dates associated with a name | 1959- |
| 942 ## - ADDED ENTRY ELEMENTS (KOHA) | |
| Source of classification or shelving scheme | Dewey Decimal Classification |
| Koha item type | Books |
| Lost status | Source of classification or shelving scheme | Damaged status | Not for loan | Collection code | Permanent Location | Current Location | Shelving location | Date acquired | Source of acquisition | Cost, normal purchase price | Total Checkouts | Full call number | Date last seen | Copy number | Koha item type |
|---|---|---|---|---|---|---|---|---|---|---|---|---|---|---|---|
| Dewey Decimal Classification | Not For Loan | Non-fiction | Central Library, University of Rajshahi | Central Library, University of Rajshahi | Reading Room | 10/12/2009 | Dhaka, Ahsonia mission Book House, | 3068.50 | 332.66 MOI 2007 | 12/12/2016 | C-1 | Books |